000 003060000a22001090004500
100 1 _aCamargo López, Jesús
245 1 0 _aEl matrimonio según Génisis (3)
300 _aVol. 15, Num 2 (Abril-Junio, 1996) Páginas 20-22
700 1 _aPérez de Camargo, Carmen
773 0 _tIglesia y Misión
942 _cANA
999 _c52198
_d52198